| 000 | 01029cam a22003374a 4500 | ||
|---|---|---|---|
| 001 | 15499344 | ||
| 003 | OSt | ||
| 005 | 20170217183523.0 | ||
| 008 | 081023s2009 stka b 001 0 eng | ||
| 010 | _a 2008046607 | ||
| 015 |
_aGBA8A0562 _2bnb |
||
| 016 | 7 |
_a101487431 _2DNLM |
|
| 016 | 7 |
_a014696954 _2Uk |
|
| 020 | _a9780443069543 | ||
| 020 | _a0443069549 | ||
| 035 | _a(OCoLC)ocn265657094 | ||
| 035 | _a(OCoLC)265657094 | ||
| 040 |
_aDNLM/DLC _cDLC _dNLM |
||
| 042 | _apcc | ||
| 082 | 0 | 0 |
_aWA744 _bT329c 2009 |
| 100 | 1 |
_aThambirajah, Radha. _99718 |
|
| 245 | 1 | 0 |
_aCosmetic Acupuncture: _ba traditional Chinese medicine approach to cosmetic and dermatological problems |
| 260 |
_aEdinburgh ; _bChurchill Livingstone, _c2009. |
||
| 300 |
_axi, 193 p. : _bcol.ill ; _c25 cm. |
||
| 504 | _aIncludes bibliographical references and index. | ||
| 650 | 0 |
_aHerbal medicine _99719 |
|
| 650 | 0 |
_acosmetics _99721 |
|
| 650 | 0 |
_aDermatology _9502 |
|
| 906 |
_a7 _bcbc _corignew _d1 _eecip _f20 _gy-gencatlg |
||
| 942 |
_2z _cO_SHELF |
||
| 999 |
_c4532 _d4532 |
||